|
|
|
|
| LEADER |
00000nab a2200000 ar4500 |
| 001 |
vtls009462411 |
| 003 |
SK-MaSNL |
| 005 |
20260303053753.0 |
| 008 |
090119c2008 xo mr|p|||||||000 b|slo |
| 038 |
|
|
|a PPPK
|
| 040 |
|
|
|a PPPKCL
|b slo
|c PPPKCL
|e AACR2
|
| 041 |
0 |
|
|a slo
|
| 044 |
|
|
|a xo
|c SK
|
| 080 |
|
|
|a 005.941
|2 2001
|
| 080 |
|
|
|a 37.0-022.324
|2 2001
|
| 080 |
|
|
|a 621.396:004.623
|2 2001
|
| 100 |
1 |
|
|a Suchá, Zuzana
|4 aut
|9 929279
|
| 245 |
1 |
0 |
|a Okrúhly stôl vzdelávania
|c Z. Suchá
|
| 610 |
2 |
7 |
|a WIFI Slovakia-Kežmarok
|2 pppkcl
|9 1046791
|
| 611 |
2 |
7 |
|a Okrúhly stôl vzdelávania WIFI Slovakia
|g rokovanie
|d 2008 :
|c Poprad, Slovensko)
|2 pppkcl
|9 1046792
|
| 650 |
0 |
7 |
|a Know-how podniku. Know-how organizácie
|2 pppkcl
|9 1046793
|
| 650 |
0 |
7 |
|a celoživotné vzdelávanie
|2 pppkcl
|9 28858
|
| 650 |
0 |
7 |
|a rokovania
|2 pppkcl
|9 29705
|
| 651 |
|
7 |
|a Kežmarok (Slovensko)
|2 pppkcl
|9 26808
|
| 651 |
|
7 |
|a Poprad (Slovensko)
|2 pppkcl
|9 20155
|
| 852 |
|
|
|a PPPK
|b KIS3GCP
|
| 999 |
|
|
|c 1720568
|d 1722498
|